000 00632nam a2200193Ia 4500
008 151121s9999||||xx |||||||||||||| ||und||
082 _a363।2/प्रधान
082 _bHNW-52500
100 _aप्रधान श्रीधर
245 _aकसोटीचे क्षण
260 _b"मनोरमा प्रकाशन, मुंबई"
260 _c--
300 _a0
600 _aप्रधान श्रीधर
630 _aकसोटीचे क्षण
700 _aप्रधान श्रीधर
730 _aकसोटीचे क्षण
942 _cBOOK
999 _c1236502
_d1236499